00882nab a2200193 4500003001000000005001700010008004100027040001400068041000800082100005800090245003400148260003500182300001100217500029900228650001200527650002700539650002900566773009300595AR-RoBPED20260505095550.0260505b |||||||| |||| 00| 0 spa d aAR-RoBPED aspa aRinaldi, VirginiaeLicenciada en Educación Especial1 aLeer para soportar el mundo / aBuenos Aires :bNoveduc,c2023 a2-3 p. aEn primera persona, desde la experiencia como docente en una institución donde las propuestas tienen como objetivo instalar y sostener una cultura en torno a la lectura, la autora se formula algunas preguntas que tal vez puedan funcionar como mediadores entre el texto literario y el lector.  7aLECTURA 7aEXPERIENCIA PEDAGOGICA 7aINSTITUCIONES EDUCATIVAS0 020414dBuenos Aires : Noveduc, 1993-tNovedades Educativasw(AR-RoBPED)20414x03283534